[Event "Championnat de France des Jeunes - Minim"]
[Site "LA ROCHE SUR YON"]
[Date "2008.04.25"]
[Round "7.2"]
[White "Sochacki, Wojtek"]
[Black "Ollier, Pablo"]
[Result "1-0"]
[WhiteElo "2245"]
[BlackElo "2147"]
[PlyCount "119"]

1. e4 e6 2. d4 d5 3. Nc3 Bb4 4. e5 c5 5. a3 Bxc3+ 6. bxc3 Ne7 7. Qg4 Qc7 8. Bd3
c4 9. Be2 Nf5 10. Nf3 Nc6 11. Nh4 Nce7 12. Nxf5 Nxf5 13. h4 Bd7 14. h5 h6 15.
Qf3 Ba4 16. Ra2 Rf8 17. g4 Ne7 18. g5 hxg5 19. Bxg5 Nf5 20. Qh3 Qa5 21. Kd1 Qb6
22. Kc1 Rh8 23. Bg4 Nh6 24. Bf3 Nf5 25. Bxd5 Bc6 26. Bf3 Bxf3 27. Qxf3 Qc7 28.
Qe4 Rb8 29. d5 Qc5 30. d6 Qc6 31. Qxc6+ bxc6 32. Rb2 Kd7 33. Rb4 Rb5 34. Bf4
Rxb4 35. axb4 f6 36. Kb2 g5 37. Ra1 Ra8 38. Bh2 fxe5 39. Bxe5 a6 40. Rg1 Rg8
41. Rg4 Nh6 42. Rxc4 Nf7 43. Bf6 Kxd6 44. Rd4+ Kc7 45. h6 Rg6 46. Bg7 e5 47.
Rd1 Nxh6 48. Bxe5+ Kc8 49. Kb3 Re6 50. Bd4 Nf5 51. Rg1 Rg6 52. Kc4 Kb7 53. Rg4
Nd6+ 54. Kd3 Rg8 55. f4 Nf7 56. Bf6 Kc7 57. fxg5 Rg6 58. Ke4 Nd6+ 59. Ke5 Kd7
60. Rd4 1-0

[Event "Championnat de France des Jeunes - Minim"]
[Site "LA ROCHE SUR YON"]
[Date "2008.04.25"]
[Round "7.3"]
[White "Dubessay, Bastien"]
[Black "Roussel, Julien"]
[Result "1-0"]
[WhiteElo "2097"]
[BlackElo "1599"]
[PlyCount "51"]

1. d4 d5 2. c4 c6 3. Nf3 Nf6 4. Nc3 e6 5. Bg5 Nbd7 6. cxd5 exd5 7. e3 Qa5 8.
Bd3 Ne4 9. O-O Nxc3 10. bxc3 Qxc3 11. e4 f6 12. Bf4 Nb6 13. Re1 Be7 14. exd5
Nxd5 15. Bd6 Kd8 16. Rc1 Qa5 17. Rc5 Qa3 18. Bxe7+ Nxe7 19. Qe2 Re8 20. Nd2
Qxa2 21. Bc4 Qb2 22. Bf7 Bg4 23. Qxg4 Qxd2 24. Qe6 Kc7 25. Bxe8 Rxe8 26. Rcc1
1-0

[Event "Championnat de France des Jeunes - Minim"]
[Site "LA ROCHE SUR YON"]
[Date "2008.04.25"]
[Round "7.4"]
[White "Hoareau, William"]
[Black "Song, Julien"]
[Result "1-0"]
[WhiteElo "2065"]
[BlackElo "2214"]
[PlyCount "71"]

1. d4 e6 2. Nf3 Nf6 3. c4 d5 4. g3 Be7 5. Bg2 O-O 6. O-O dxc4 7. Qc2 a6 8. Qxc4
b5 9. Qc2 Bb7 10. Bd2 Ra7 11. Rc1 Be4 12. Qb3 Nbd7 13. Ba5 Qa8 14. Nbd2 Bd5 15.
Qd1 c5 16. Qf1 h6 17. dxc5 Bxc5 18. Nb3 Be7 19. Nfd4 Ne5 20. Bb6 Rb7 21. Bc5
Nc4 22. Rc2 Ne4 23. Bxe7 Rxe7 24. a4 e5 25. Nf5 Rc7 26. axb5 Qc8 27. Bxe4 Bxe4
28. Rxc4 Bxf5 29. Rxc7 Qxc7 30. bxa6 Qb6 31. Nd2 Ra8 32. Nc4 Qe6 33. Ne3 Bh3
34. Qd1 Rxa6 35. Qd8+ Kh7 36. Qd3+ 1-0

[Event "Championnat de France des Jeunes - Minim"]
[Site "LA ROCHE SUR YON"]
[Date "2008.04.25"]
[Round "7.5"]
[White "Dionisi, Thomas"]
[Black "Ludwig, Remi"]
[Result "1/2-1/2"]
[WhiteElo "2042"]
[BlackElo "2136"]
[PlyCount "94"]

1. e4 c5 2. b3 d6 3. Bb2 Nf6 4. Nc3 Nc6 5. f4 e6 6. Nf3 Be7 7. Bb5 Bd7 8. Qe2
a6 9. Bxc6 Bxc6 10. d4 d5 11. exd5 Nxd5 12. Nxd5 Bxd5 13. O-O-O Qc7 14. Ne5 O-O
15. c4 cxd4 16. Kb1 Bc6 17. Nxc6 bxc6 18. Rxd4 Bf6 19. Re4 Bxb2 20. Kxb2 Rfd8
21. g3 Qa5 22. Rd1 c5 23. Re3 Rd4 24. Red3 Rad8 25. Qe3 Qb6 26. Kc3 Qa5+ 27.
Kb2 Qb6 28. Kc3 R4d6 29. Rxd6 Rxd6 30. Rxd6 Qxd6 31. Qd3 Qxd3+ 32. Kxd3 Kf8 33.
a3 a5 34. Kc3 Ke7 35. b4 cxb4+ 36. axb4 axb4+ 37. Kxb4 Kd7 38. Kc5 Kc7 39. g4
f6 40. g5 h6 41. g6 h5 42. h4 Kd7 43. Kd4 Kd6 44. c5+ Kc6 45. Kc4 e5 46. fxe5
fxe5 47. Kb4 e4 1/2-1/2

[Event "Championnat de France des Jeunes - Minimettes"]
[Site "LA ROCHE SUR YON"]
[Date ""]
[Round "7.1"]
[White "Muller, Marion"]
[Black "Jeannerot, Lea"]
[Result "1/2-1/2"]
[WhiteElo "1815"]
[BlackElo "1946"]
[Annotator ""]

1. e4 c6 2. c4 e6 3. Nc3 d5 4. cxd5 exd5 5. exd5 cxd5 6. Bb5+ Bd7 7.
Qe2+ Ne7 8. Nxd5 Nc6 9. Nf3 Bg4 10. Nb4 Qd6 11. Nxc6 bxc6 12. Ba4 Be6
13. O-O g6 14. Re1 Bg7 15. Ng5 Bd5 16. Ne4 Qc7 17. Nc3 Be6 18. d3 O-O
19. Be3 Nf5 20. Bc5 Rfd8 21. Qf3 Rac8 22. Bc2 Qa5 23. Be3 Nxe3 24.
Qxe3 Bxc3 25. bxc3 Qxc3 26. Rec1 Qd4 27. Qd2 Bf5 28. a4 Rb8 29. Rab1
c5 30. Rxb8 Rxb8 31. Qe3 Qxe3 32. fxe3 Rd8 33. Rd1 Kf8 34. Kf2 Ke7 35.
e4 Bg4 36. Rb1 Rd7 37. Ke3 Be6 38. Rb5 Kd6 39. d4 cxd4+ 40. Kxd4 f6
41. Ke3 Re7 42. Rb4 Rc7 43. Bd3 Bc8 44. Bf1 1/2-1/2

[Event "Championnat de France des Jeunes - Minim"]
[Site "LA ROCHE SUR YON"]
[Date "2008.04.25"]
[Round "7.2"]
[White "Auvray, Juliette"]
[Black "Forgues, Valerie"]
[Result "0-1"]
[WhiteElo "1890"]
[BlackElo "1970"]
[PlyCount "60"]

1. e4 e5 2. Nf3 Nc6 3. Nc3 Nf6 4. d4 exd4 5. Nxd4 Bb4 6. Nxc6 bxc6 7. Bd3 d5 8.
exd5 cxd5 9. O-O O-O 10. Bg5 c6 11. Na4 Bd6 12. c4 Bc7 13. Bh4 Be6 14. Rc1 Rb8
15. b3 Be5 16. Re1 Qd6 17. Bg3 Bxg3 18. hxg3 Rfd8 19. Qc2 h6 20. Red1 Qe5 21.
Qe2 Qg5 22. cxd5 cxd5 23. Nc5 Bf5 24. Bxf5 Qxf5 25. Qe7 Re8 26. Qxa7 Ra8 27.
Qc7 Rxa2 28. Nd3 Ng4 29. Rc2 Rxc2 30. Qxc2 Qh5 0-1

[Event "Championnat de France des Jeunes - Minim"]
[Site "LA ROCHE SUR YON"]
[Date "2008.04.25"]
[Round "7.3"]
[White "Lefevre, Margaux"]
[Black "Uhl, Sarah"]
[Result "1/2-1/2"]
[WhiteElo "1968"]
[BlackElo "1850"]
[PlyCount "70"]

1. e4 c5 2. Nf3 e6 3. d4 cxd4 4. Nxd4 Nf6 5. Nc3 d6 6. Be3 Be7 7. g4 h6 8. f4
a6 9. Bg2 Qc7 10. g5 hxg5 11. fxg5 Nfd7 12. Qe2 Ne5 13. O-O-O Nbc6 14. h4 Nxd4
15. Bxd4 Rxh4 16. Qe3 Rg4 17. Rh8+ Kd7 18. Qf2 Bxg5+ 19. Kb1 Rxg2 20. Qxg2 Bf6
21. Qg3 Ke7 22. Bxe5 Bxe5 23. Qh4+ Bf6 24. Qh7 Bxc3 25. bxc3 Qxc3 26. Qg8 Qb4+
27. Kc1 Qa3+ 28. Kd2 Qb4+ 29. Ke3 Qc3+ 30. Rd3 Qe1+ 31. Kf3 Qf1+ 32. Kg3 Qg1+
33. Kf3 Qf1+ 34. Ke3 Qe1+ 35. Kf3 Qf1+ 1/2-1/2

[Event "Championnat de France des Jeunes - Minim"]
[Site "LA ROCHE SUR YON"]
[Date "2008.04.25"]
[Round "7.4"]
[White "Rambourg, Juliette"]
[Black "Soubirou, Oriane"]
[Result "0-1"]
[WhiteElo "1811"]
[BlackElo "1820"]
[PlyCount "93"]

1. c4 Nf6 2. Nc3 d5 3. cxd5 Nxd5 4. Nf3 g6 5. g3 Bg7 6. Bg2 Nxc3 7. bxc3 O-O 8.
O-O c5 9. Rb1 Qa5 10. Qb3 Nc6 11. Bb2 Rb8 12. c4 e5 13. Qe3 Bf5 14. d3 Nd4 15.
Nxd4 exd4 16. Qc1 Rfe8 17. Qc2 Qc7 18. Bc1 b6 19. Bf4 Be5 20. Bxe5 Rxe5 21. Qd2
Rbe8 22. Bf3 Qd6 23. a4 Bd7 24. a5 Rb8 25. axb6 Rxb6 26. Ra1 a6 27. Ra5 Bc6 28.
Bxc6 Qxc6 29. e3 Re6 30. exd4 cxd4 31. Qf4 Qd6 32. Qxd6 Rbxd6 33. Rfa1 Kg7 34.
R1a4 Re1+ 35. Kg2 Rd1 36. Ra3 Kf6 37. Kf3 Kg7 38. h4 Rd2 39. Rxa6 Rxa6 40. Rxa6
Rxd3+ 41. Ke4 Rd1 42. Rd6 f5+ 43. Ke5 d3 44. c5 Rc1 45. Rxd3 Rxc5+ 46. Kf4 Rc4+
47. Kg5 0-1

[Event "Championnat de France des Jeunes - Minim"]
[Site "LA ROCHE SUR YON"]
[Date "2008.04.25"]
[Round "7.5"]
[White "Lemaitre, Delphine"]
[Black "Hourlier, Claire"]
[Result "1/2-1/2"]
[WhiteElo "1724"]
[BlackElo "1907"]
[PlyCount "71"]

1. e4 c5 2. Nf3 Nc6 3. d4 cxd4 4. Nxd4 g6 5. c4 Bg7 6. Be3 d6 7. Nc3 Nf6 8. Be2
O-O 9. O-O Nd7 10. Qd2 Nde5 11. f3 Bd7 12. Rac1 Qc8 13. b3 Rb8 14. Nd5 a6 15.
f4 e6 16. fxe5 exd5 17. cxd5 Nxd4 18. Rxc8 Nxe2+ 19. Qxe2 Rbxc8 20. Qd2 Bxe5
21. Bd4 Bxd4+ 22. Qxd4 Bb5 23. Re1 Rc2 24. a4 Be8 25. Qb6 Rb2 26. Qxd6 Rxb3 27.
e5 Bxa4 28. e6 fxe6 29. Qxe6+ Kg7 30. Qe7+ Rf7 31. Qe5+ Kg8 32. d6 Bc6 33. Rf1
Rxf1+ 34. Kxf1 Rd3 35. Qe6+ Kg7 36. Qe7+ 1/2-1/2

[Event "Championnat de France des Jeunes - Benjamins"]
[Site "LA ROCHE SUR YON"]
[Date ""]
[Round "7.1"]
[White "Lagarde, Maxime"]
[Black "Moussard, Jules"]
[Result "1-0"]
[WhiteElo "2308"]
[BlackElo "2283"]
[Annotator ""]

1. e4 c5 2. Nf3 Nc6 3. d4 cxd4 4. Nxd4 e5 5. Nb5 a6 6. Nd6+ Bxd6 7.
Qxd6 Qf6 8. Qc7 Qg6 9. Nc3 Nf6 10. Qd6 b5 11. f3 Ng8 12. Qxg6 hxg6 13.
a4 Nd4 14. Kd1 Rb8 15. axb5 axb5 16. Be3 b4 17. Bxd4 exd4 18. Nb5 Nf6
19. Bc4 O-O 20. Nxd4 Bb7 21. Bb3 d5 22. e5 Nd7 23. Re1 Nc5 24. e6 fxe6
25. Nxe6 Nxb3 26. cxb3 Rf5 27. Ra7 d4 28. h4 Rh5 29. Ng5 Bd5 30. g3
Bxb3+ 31. Kd2 Kh8 32. Ree7 Bc4 33. Rab7 Rc8 34. Rbc7 Rxc7 35. Rxc7
Rxg5 36. hxg5 Be6 37. Kd3 1-0

[Event "Championnat de France des Jeunes - Benja"]
[Site "LA ROCHE SUR YON"]
[Date "2008.04.25"]
[Round "7.2"]
[White "Sochacki, Christophe"]
[Black "Brunier, Jules"]
[Result "1-0"]
[WhiteElo "2185"]
[BlackElo "1886"]
[PlyCount "83"]

1. Nf3 e6 2. d4 f5 3. d5 Nf6 4. dxe6 dxe6 5. Qxd8+ Kxd8 6. Nc3 Bd6 7. e4 Nc6 8.
Bg5 e5 9. O-O-O h6 10. Bh4 Ke7 11. Nd5+ Kf7 12. Bc4 Na5 13. Nxc7+ Nxc4 14. Nxa8
Nxe4 15. Rxd6 Nexd6 16. b3 g5 17. bxc4 Nxc4 18. Bxg5 hxg5 19. Nxg5+ Kf6 20. h4
b6 21. Nc7 Bb7 22. Rh2 Rc8 23. Nge6 Bd5 24. Nxd5+ Kxe6 25. Ne3 Nd6 26. f3 f4
27. Ng4 Rh8 28. h5 Ne8 29. h6 Nf6 30. Nxf6 Kxf6 31. Kd2 Rd8+ 32. Kc3 Rc8+ 33.
Kd3 Rd8+ 34. Ke2 Ke6 35. h7 Rh8 36. Kd3 Kf5 37. Rh5+ Kg6 38. Rh3 Kf5 39. c3
Rd8+ 40. Kc4 Rh8 41. Kd5 Rd8+ 42. Kc6 1-0

[Event "Championnat de France des Jeunes - Benja"]
[Site "LA ROCHE SUR YON"]
[Date "2008.04.25"]
[Round "7.3"]
[White "Loiseau, Quentin"]
[Black "Ider, Borya"]
[Result "1-0"]
[WhiteElo "2012"]
[BlackElo "2074"]
[PlyCount "39"]

1. e4 c6 2. d4 d5 3. Nc3 g6 4. h3 Bg7 5. Nf3 Nf6 6. e5 Ne4 7. Nxe4 dxe4 8. Ng5
c5 9. Bc4 O-O 10. c3 cxd4 11. cxd4 b5 12. Bb3 Bb7 13. h4 Bd5 14. h5 Bxb3 15.
Qxb3 Qc8 16. hxg6 hxg6 17. e6 fxe6 18. Qh3 Rf6 19. Qh7+ Kf8 20. Qh8+ 1-0

[Event "Championnat de France des Jeunes - Benja"]
[Site "LA ROCHE SUR YON"]
[Date "2008.04.25"]
[Round "7.4"]
[White "Netzer, Jacques"]
[Black "Cabanes, Kim"]
[Result "1-0"]
[WhiteElo "2059"]
[BlackElo "1939"]
[PlyCount "41"]

1. g3 d5 2. Bg2 Nf6 3. d3 Bg4 4. Nd2 e6 5. Ngf3 Bd6 6. O-O O-O 7. h3 Bh5 8. e4
dxe4 9. dxe4 Nc6 10. Qe1 Nb4 11. e5 Nxc2 12. Qd1 Nxa1 13. exf6 Bg6 14. Nh4 Bd3
15. Be4 Bxf1 16. Bxh7+ Kxh7 17. Qh5+ Kg8 18. Ne4 Be5 19. Qxe5 Bd3 20. Qg5 g6
21. Qh6 1-0

[Event "Championnat de France des Jeunes - Benja"]
[Site "LA ROCHE SUR YON"]
[Date "2008.04.25"]
[Round "7.5"]
[White "Thon, Gabriel"]
[Black "Ane, Cedric"]
[Result "1/2-1/2"]
[WhiteElo "1925"]
[BlackElo "2020"]
[PlyCount "105"]

1. e4 c5 2. Nf3 Nc6 3. d4 cxd4 4. Nxd4 g6 5. Nc3 Bg7 6. Be3 Nf6 7. Nxc6 bxc6 8.
e5 Ng8 9. Bd4 Qa5 10. e6 Nf6 11. exd7+ Bxd7 12. Bc4 Rd8 13. O-O Qb4 14. b3 Bf5
15. Re1 O-O 16. a3 Qb7 17. Na4 Ne4 18. c3 Nxc3 19. Nxc3 Bxd4 20. Qf3 Bg7 21.
Rac1 Bh6 22. Rcd1 Bd2 23. Re2 Bxc3 24. Rxd8 Rxd8 25. Qxc3 Rd1+ 26. Re1 Qd7 27.
Kf1 Rxe1+ 28. Kxe1 Qd6 29. g3 Qxa3 30. Qd4 Qc1+ 31. Ke2 Qc2+ 32. Kf3 Bh3 33. g4
h5 34. Kg3 Bxg4 35. f3 Bf5 36. Qd8+ Kg7 37. Qxe7 h4+ 38. Qxh4 Qc3 39. Qe7 Qf6
40. Qxa7 Qg5+ 41. Kf2 Qh4+ 42. Kg1 Qg5+ 43. Kf2 Qh4+ 44. Kg1 Qe1+ 45. Kg2 Qd2+
46. Kg3 Qd6+ 47. Kg2 Be6 48. Bxe6 Qxe6 49. Qd4+ Kf8 50. Qd8+ Kg7 51. Qd4+ Kh7
52. Qh4+ Kg7 53. Qd4+ 1/2-1/2

[Event "Championnat de France des Jeunes - Benjamines"]
[Site "LA ROCHE SUR YON"]
[Date ""]
[Round "7.1"]
[White "Neuhauser, Salome"]
[Black "Haussernot, Cecile"]
[Result "0-1"]
[WhiteElo "1945"]
[BlackElo "1864"]
[Annotator ""]

1. e4 c5 2. Nf3 d6 3. Bb5+ Bd7 4. Bxd7+ Qxd7 5. O-O Nf6 6. Re1 Nc6 7.
c3 e6 8. d4 cxd4 9. cxd4 d5 10. e5 Ne4 11. Nbd2 Nxd2 12. Bxd2 Be7 13.
Rc1 O-O 14. a3 a5 15. Rc3 f5 16. exf6ep Bxf6 17. Bf4 Qf7 18. Bg3 h5
19. Qd2 Rac8 20. Rce3 h4 21. Bd6 Rfd8 22. Be5 Re8 23. Bxf6 Qxf6 24.
Ne5 Qg5 25. Nxc6 Rxc6 26. Qxa5 Rf8 27. Qb4 Rc2 28. R3e2 Rxe2 29. Rxe2
h3 30. g3 Qg4 31. Qe1 Qxd4 32. Rxe6 Qxb2 33. Rd6 Qd4 34. Qe6+ Kh8 35.
Qxh3+ Kg8 36. Qe6+ Kh8 37. Qe2 Qa1+ 38. Kg2 Qxa3 39. Qh5+ Kg8 40.
Qxd5+ Kh8 41. Rb6 Qe7 42. Rxb7 Qe2 43. Qd4 Qf3+ 44. Kg1 Qxb7 45. Qh4+
Kg8 46. Qc4+ Qf7 47. Qd4 Rb8 48. Kg2 Qb7+ 49. Kh3 Rf8 50. f4 Qf3 51.
Qc4+ Kh8 52. Kh4 Rf6 53. Kg5 Rc6 54. Qf7 Rc5+ 55. Kh4 Kh7 56. Qe8 g5+
57. Kh3 Qf1+ 58. Kg4 Qd1+ 59. Kh3 Qd6 60. Qf7+ Kh6 61. f5 Rc7 62. Qg8
Qf6 63. Kg4 Qd4+ 64. Kh3 g4+ 65. Qxg4 Qxg4+ 66. Kxg4 Rc4+ 67. Kf3 Kg5
68. h3 Kxf5 69. Ke3 Rc3+ 70. Kf2 Ra3 71. Kg2 Ke4 72. h4 Kf5 73. Kh3
Rb3 74. Kg2 Ke5 0-1

[Event "Championnat de France des Jeunes - Benja"]
[Site "LA ROCHE SUR YON"]
[Date "2008.04.25"]
[Round "7.2"]
[White "Gan, Grace"]
[Black "Aflalo, Sophie"]
[Result "0-1"]
[WhiteElo "1600"]
[BlackElo "1959"]
[PlyCount "57"]

1. d4 Nf6 2. Nf3 g6 3. c3 Bg7 4. Bf4 d6 5. h3 O-O 6. e3 Nbd7 7. Bc4 e6 8. O-O
Kh8 9. Nbd2 Qe8 10. Nb3 b6 11. a4 a6 12. a5 b5 13. Be2 Nh5 14. Bh2 f5 15. Nbd2
Bb7 16. c4 bxc4 17. Bxc4 e5 18. dxe5 dxe5 19. Ng5 Qe7 20. Ne6 Rac8 21. Nxg7
Nxg7 22. Qe2 Rce8 23. Rac1 Qb4 24. Nb3 Qe7 25. Rfd1 Nf6 26. Bd3 Ne4 27. f3 Nd6
28. Nc5 Bc8 29. Nxa6 {suite illisible} 0-1

[Event "Championnat de France des Jeunes - Benja"]
[Site "LA ROCHE SUR YON"]
[Date "2008.04.25"]
[Round "7.3"]
[White "Aggoune, Audessa"]
[Black "Seelen, Amandine"]
[Result "1/2-1/2"]
[WhiteElo "1750"]
[BlackElo "1500"]
[PlyCount "117"]

1. d4 d5 2. c4 e5 3. dxe5 d4 4. Nf3 Nc6 5. a3 Nge7 6. Bg5 h6 7. Bxe7 Bxe7 8.
Nbd2 Bg4 9. h3 Bh5 10. Nb3 Bxf3 11. exf3 Bg5 12. Be2 Bf4 13. O-O Bxe5 14. Re1
O-O 15. Bd3 Qg5 16. Re4 f5 17. Re1 Rf6 18. g3 Bxg3 19. Kf1 Bh2 20. Qd2 Qh4 21.
Ke2 Qxh3 22. Kd1 Qxf3+ 23. Kc2 Bf4 24. Qe2 Qxe2+ 25. Rxe2 g5 26. Nc5 b6 27. Ne6
Bd6 28. b4 Kf7 29. Rae1 a6 30. b5 axb5 31. cxb5 Ne7 32. Nxd4 Rxa3 33. Bc4+ Kf8
34. Ne6+ Ke8 35. Nxc7+ Kd7 36. Nd5 Nxd5 37. Bxd5 f4 38. Re6 Rxe6 39. Rxe6 Bf8
40. Rxb6 Ra7 41. Rf6 Rc7+ 42. Bc6+ Ke7 43. b6 Rc8 44. b7 Rb8 45. Rf5 Kd6 46.
Be4 Ke6 47. Ra5 Bd6 48. Bf5+ Ke7 49. Bc8 Kf7 50. Ra6 Bc5 51. f3 Kg7 52. Kd3 h5
53. Ke2 g4 54. Ra5 Bd6 55. fxg4 hxg4 56. Rg5+ Kf6 57. Rxg4 Ke5 58. Kf2 Kd4 59.
Rg6 1/2-1/2

[Event "Championnat de France des Jeunes - Benja"]
[Site "LA ROCHE SUR YON"]
[Date "2008.04.25"]
[Round "7.4"]
[White "Andre, Severine"]
[Black "Monpeurt, Cyrielle"]
[Result "1/2-1/2"]
[WhiteElo "1733"]
[BlackElo "1734"]
[PlyCount "126"]

1. e4 e5 2. Nc3 Nf6 3. f4 d5 4. fxe5 Nxe4 5. Nf3 Bb4 6. Qe2 Nxc3 7. bxc3 Be7 8.
d4 O-O 9. Qf2 Bf5 10. Bd3 Bg6 11. O-O Nc6 12. Qe2 Qd7 13. Bb2 Bh5 14. a3 a6 15.
c4 dxc4 16. Bxc4 Bxf3 17. Qxf3 Nxd4 18. Bxf7+ Kh8 19. Qh5 Bc5 20. Kh1 Qc6 21.
e6 Qb5 22. e7 Qxb2 23. exf8=Q+ Bxf8 24. Be8 Bxa3 25. Qf7 h6 26. Rxa3 Qxa3 27.
Qf8+ Qxf8 28. Rxf8+ Kh7 29. Bg6+ Kxg6 30. Rxa8 Nxc2 31. Ra7 b5 32. Rxa6+ Kf5
33. Rc6 Nd4 34. Rxc7 b4 35. Rc4 Ke5 36. Rxb4 g5 37. g3 h5 38. Kg2 Ke4 39. Rb6
Nf5 40. Rb5 h4 41. Rb4+ Ke5 42. Kf3 hxg3 43. hxg3 Nh6 44. Rb5+ Kf6 45. Rb6+ Kg7
46. Ke4 g4 47. Kf4 Kh7 48. Kg5 Nf7+ 49. Kxg4 Ne5+ 50. Kf5 Nf7 51. Rb7 Kg8 52.
Kf6 Nd6 53. Re7 Nc4 54. g4 Nb6 55. Ke6 Nc4 56. Kd5 Nb6+ 57. Kc6 Nc4 58. g5 Nd2
59. g6 Nf3 60. Re4 Kg7 61. Re3 Nh4 62. Rg3 Nxg6 63. Kd6 Kf7 1/2-1/2

[Event "Championnat de France des Jeunes - Benja"]
[Site "LA ROCHE SUR YON"]
[Date "2008.04.25"]
[Round "7.5"]
[White "Verwaerde, Jolanthe"]
[Black "Eid, Maha"]
[Result "0-1"]
[WhiteElo "1520"]
[BlackElo "1942"]
[PlyCount "74"]

1. d4 Nf6 2. Bg5 e6 3. e3 Be7 4. f4 b6 5. c3 Bb7 6. Nf3 O-O 7. Bd3 h6 8. Bxf6
Bxf6 9. O-O d5 10. Nbd2 c5 11. Ne5 Nd7 12. Qg4 Bxe5 13. fxe5 Qg5 14. Qxg5 hxg5
15. Nf3 f6 16. exf6 gxf6 17. Bb5 Rad8 18. Rf2 Rf7 19. Raf1 a6 20. Bd3 Rg7 21.
Be2 g4 22. Nd2 f5 23. g3 c4 24. b3 b5 25. bxc4 dxc4 26. a4 Nf6 27. axb5 axb5
28. Rb1 Bc6 29. Ra1 Ra8 30. Rxa8+ Bxa8 31. Rf1 Ra7 32. Rb1 Ra2 33. Rd1 Nd5 34.
Bxc4 bxc4 35. Nxc4 Nxc3 36. Rf1 Rc2 37. Rf2 Rc1+ 0-1

[Event "Championnat de France des Jeunes - Pupilles"]
[Site "LA ROCHE SUR YON"]
[Date ""]
[Round "7.1"]
[White "Grandadam, Patrick"]
[Black "Purenne, Benoit"]
[Result "1-0"]
[WhiteElo "1965"]
[BlackElo "1877"]
[Annotator ""]

1. Nf3 Nf6 2. c4 c5 3. d4 cxd4 4. Nxd4 Nc6 5. Nc3 g6 6. e4 d6 7. Be2
Bg7 8. Be3 O-O 9. O-O Ne5 10. f3 Bd7 11. Nb3 h5 12. c5 Ne8 13. Bg5 f6
14. Be3 g5 15. cxd6 Nxd6 16. Bc5 Nef7 17. f4 g4 18. Qd5 f5 19. e5 Bc6
20. Qd3 Ne4 21. Qxd8 Rfxd8 22. Nxe4 Bxe4 23. Bxe7 Rd7 24. Bb4 Bd5 25.
Rfd1 Rad8 26. Nd4 Be4 1-0

[Event "Championnat de France des Jeunes - Pupil"]
[Site "LA ROCHE SUR YON"]
[Date "2008.04.25"]
[Round "7.2"]
[White "Giroyan, Gary"]
[Black "Gelas, Christophe"]
[Result "0-1"]
[WhiteElo "2047"]
[BlackElo "1813"]
[PlyCount "94"]

1. e4 c5 2. Nf3 Nc6 3. d4 cxd4 4. Nxd4 Nf6 5. Nc3 e5 6. Ndb5 d6 7. Nd5 Nxd5 8.
exd5 Ne7 9. c4 Ng6 10. Bd3 Be7 11. O-O O-O 12. g3 a6 13. Nc3 Bh3 14. Re1 f5 15.
f3 f4 16. Ne4 Bf5 17. Qc2 Qc8 18. b4 a5 19. Ba3 fxg3 20. hxg3 Bxe4 21. Bxe4 Qh3
22. Qg2 Qd7 23. Rab1 Qa4 24. Re3 axb4 25. Rxb4 Qd1+ 26. Kh2 Rf6 27. Qe2 Qxe2+
28. Rxe2 Rxa3 29. Rxb7 Bf8 30. Reb2 Ne7 31. g4 Ng6 32. Kg3 Nf4 33. g5 Nh5+ 34.
Kg4 Rf4+ 35. Kxh5 Raxf3 36. Bxh7+ Kxh7 37. g6+ Kg8 38. Rc2 e4 39. a4 e3 40. a5
Rf2 41. Rc1 e2 42. Re1 Rd4 43. Rbb1 Be7 44. Rh1 Rf1 45. Rb8+ Rf8 46. Rxf8+ Kxf8
47. c5 e1=Q 0-1

[Event "Championnat de France des Jeunes - Pupil"]
[Site "LA ROCHE SUR YON"]
[Date "2008.04.25"]
[Round "7.3"]
[White "Lamard, Guillaume"]
[Black "Gautier, Clement"]
[Result "0-1"]
[WhiteElo "2024"]
[BlackElo "1811"]
[PlyCount "86"]

1. d4 d5 2. Nf3 Nf6 3. c4 e6 4. g3 Be7 5. Bg2 O-O 6. O-O c6 7. Qc2 Nbd7 8. Rd1
Re8 9. b3 Nf8 10. Bb2 Ng6 11. Nc3 b6 12. e4 Bb7 13. Rac1 Rc8 14. Qb1 Bf8 15. a3
h6 16. Ne1 Kh8 17. Nc2 Ne7 18. Ne3 g6 19. cxd5 cxd5 20. e5 Nfg8 21. Qd3 Nc6 22.
g4 Nge7 23. f4 Bg7 24. Rf1 Rf8 25. f5 exf5 26. gxf5 gxf5 27. Nxf5 Nxf5 28. Rxf5
Ne7 29. Rf3 Rc6 30. Rcf1 f6 31. Ne2 Qe8 32. Ng3 Qg6 33. Qxg6 Nxg6 34. Nh5 fxe5
35. Rxf8+ Bxf8 36. Bxd5 Rc2 37. Bxb7 Rxb2 38. Be4 Nf4 39. Nxf4 exf4 40. Rxf4
Bxa3 41. Rf7 Rxb3 42. Rxa7 Re3 43. Bf5 Rf3 0-1

[Event "Championnat de France des Jeunes - Pupil"]
[Site "LA ROCHE SUR YON"]
[Date "2008.04.25"]
[Round "7.4"]
[White "Bellahcene, Rayane"]
[Black "Valente, Alexandre"]
[Result "1-0"]
[WhiteElo "1660"]
[BlackElo "1910"]
[PlyCount "63"]

1. c4 Nf6 2. d4 g6 3. Nc3 Bg7 4. e4 d6 5. f3 O-O 6. Be3 Nbd7 7. Qd2 e5 8. d5
Nc5 9. Nge2 Nfd7 10. g4 Qe7 11. h4 f5 12. gxf5 gxf5 13. Bg5 Qf7 14. b4 Na6 15.
Bh3 fxe4 16. Be6 exf3 17. Bxf7+ Rxf7 18. Ng3 f2+ 19. Kf1 Nxb4 20. a3 Na6 21.
Rh2 Ndc5 22. Rb1 Rf3 23. Nce2 Nd3 24. Be3 Nac5 25. Bxc5 Nxc5 26. Rxf2 Bh3+ 27.
Kg1 Rxf2 28. Kxf2 e4 29. Kg1 Re8 30. Kh2 Bg4 31. Qg5 Bd7 32. Nh5 1-0

[Event "Championnat de France des Jeunes - Pupil"]
[Site "LA ROCHE SUR YON"]
[Date "2008.04.25"]
[Round "7.5"]
[White "Rouffignac, Tanguy"]
[Black "Mirimanian, Haik"]
[Result "1/2-1/2"]
[WhiteElo "1626"]
[BlackElo "1832"]
[PlyCount "48"]

1. e4 c5 2. Nf3 e6 3. d4 d5 4. exd5 exd5 5. Nc3 Be6 6. Be2 Nf6 7. O-O Be7 8.
Be3 Nbd7 9. dxc5 Bxc5 10. Nd4 O-O 11. Bg5 a6 12. Re1 Bxd4 13. Qxd4 h6 14. Bf4
Rc8 15. Bd6 Re8 16. Bd3 Rc6 17. Bb4 Qb6 18. Qxb6 Nxb6 19. Ne2 Rcc8 20. Nd4 Bd7
21. Nf5 Bxf5 22. Bxf5 Rc4 23. Ba3 g6 24. Bd3 Rcc8 1/2-1/2

[Event "Championnat de France des Jeunes - Pupillettes"]
[Site "LA ROCHE SUR YON"]
[Date ""]
[Round "7.1"]
[White "Navrotescu, Andreea-Cristiana"]
[Black "Fischer, Julie"]
[Result "1-0"]
[WhiteElo "1723"]
[BlackElo "1671"]
[Annotator ""]

1. d4 Nf6 2. c4 g6 3. Nc3 Bg7 4. e4 d6 5. Nf3 O-O 6. Be2 e5 7. O-O Nc6
8. d5 Ne7 9. b4 Nd7 10. Ba3 f5 11. c5 Nf6 12. Nd2 dxc5 13. bxc5 fxe4
14. d6 Nf5 15. Ndxe4 Nxe4 16. Nxe4 cxd6 17. cxd6 Qd7 18. Qd5+ Kh8 19.
Bb5 Qe6 20. Qd3 Rd8 21. d7 Bxd7 22. Nc5 Bxb5 23. Qxd8+ Rxd8 24. Nxe6
Bxf1 25. Nxd8 Ba6 26. Ne6 Bf6 27. Nc5 Bc4 28. Nxb7 Nd4 29. Bb2 e4 30.
Bxd4 Bxd4 31. Rd1 Bb6 32. Nd6 Bxa2 33. Nxe4 a5 34. Nc3 Bb3 35. Rb1 a4
36. Nxa4 Bxf2+ 37. Kxf2 Bxa4 38. Rb7 Bc6 39. Rc7 Bd5 40. g4 Kg8 41.
Kg3 Bf7 42. g5 Kf8 43. Kf4 Kg8 44. Ke5 Kg7 45. h4 Kf8 46. Ke4 1-0

[Event "Championnat de France des Jeunes - Pupil"]
[Site "LA ROCHE SUR YON"]
[Date "2008.04.25"]
[Round "7.2"]
[White "Bellaiche, Elise"]
[Black "Massard, Aurelie"]
[Result "1/2-1/2"]
[WhiteElo "1714"]
[BlackElo "1630"]
[PlyCount "99"]

1. e4 d5 2. exd5 Nf6 3. d4 Bg4 4. Nf3 Qxd5 5. Nc3 Qf5 6. Be2 Nc6 7. h3 Bxf3 8.
Bxf3 Nb4 9. O-O O-O-O 10. Ne4 e6 11. Re1 Be7 12. c3 Nbd5 13. Bd2 h5 14. b4 Rhg8
15. Ng3 Qh7 16. Nxh5 g5 17. Nxf6 Nxf6 18. Re5 Nd7 19. Rb5 Nb6 20. a4 a6 21. Re5
Nc4 22. Re1 Nb2 23. Qb1 Qxb1 24. Rexb1 Nc4 25. Rd1 f5 26. Be2 Nxd2 27. Rxd2 e5
28. d5 c6 29. Rad1 Kc7 30. Bc4 cxd5 31. Rxd5 Bf6 32. Bb3 Rxd5 33. Rxd5 Rd8 34.
Rxd8 Kxd8 35. Kf1 Ke7 36. Ke2 Kd6 37. c4 b6 38. Bc2 e4 39. f3 exf3+ 40. Kxf3 f4
41. Ke4 a5 42. c5+ bxc5 43. b5 Bd8 44. Bb3 Be7 45. Bd5 Kc7 46. Kd3 Kb6 47. Kc4
Bd8 48. Bc6 Be7 49. Kd5 Bd8 50. Kc4 1/2-1/2

[Event "Championnat de France des Jeunes - Pupil"]
[Site "LA ROCHE SUR YON"]
[Date "2008.04.25"]
[Round "7.3"]
[White "Bekhouche, Marion"]
[Black "Lefevre, Lucie"]
[Result "1-0"]
[WhiteElo "1697"]
[BlackElo "1540"]
[PlyCount "51"]

1. d4 d5 2. c4 e6 3. Nc3 Nf6 4. Bg5 Nbd7 5. Nf3 c6 6. e3 Qa5 7. Bxf6 Nxf6 8.
Nd2 Bb4 9. Qc2 O-O 10. Be2 Re8 11. f4 a6 12. O-O c5 13. a3 Bxc3 14. bxc3 cxd4
15. cxd4 Bd7 16. a4 Rac8 17. c5 b6 18. Nb3 Bxa4 19. Nxa5 Bxc2 20. cxb6 Nd7 21.
b7 Rc3 22. Rfc1 Nb8 23. Bd1 Bxd1 24. Rxc3 Be2 25. Rac1 Kf8 26. Rc8 1-0